[Event "Vaujany Accession"]
[Site "?"]
[Date "2015.07.09"]
[Round "1.1"]
[White "Gazik, Jakub"]
[Black "Plug, Arjan"]
[Result "1-0"]
[WhiteElo "1671"]
[BlackElo "1862"]
[PlyCount "156"]

1. e4 e6 2. d4 d5 3. exd5 exd5 4. Bd3 Bd6 5. Qf3 (5. Nf3) 5... Nf6 6. h3 c6 7.
Bf4 O-O 8. Ne2 Bxf4 9. Qxf4 Re8 10. O-O Nbd7 11. Nd2 Nf8 12. Nf3 Ne4 13. Ng3
Ng6 14. Qc1 Qd6 15. Re1 f5 16. Nf1 Bd7 17. N3h2 Nf4 18. Qd1 Qg6 19. Qf3 Ng5 20.
Qg3 Nh5 21. Qh4 Nf4 22. Rxe8+ Rxe8 23. Ng3 Nxd3 24. cxd3 f4 25. Qxf4 Bxh3 26.
Nf3 Nxf3+ 27. Qxf3 Qg4 28. Qxg4 Bxg4 29. f3 Bd7 30. Kf2 Kf7 31. Rc1 g6 32. Rh1
h5 33. Rh4 Re6 34. Rh1 Kf6 35. Nf1 Re8 36. Ne3 a5 37. b3 {=} Ra8 38. a3 Ra6 39.
Rb1 Rb6 40. Rb2 Be6 41. Rb1 Rb5 42. Rb2 Bf5 43. Nxf5 Kxf5 44. Kg3 g5 45. Rb1
h4+ 46. Kf2 Kf4 47. Rb2 {=} Kf5 48. Rb1 b6 49. Ke3 a4 50. b4 c5 51. dxc5 bxc5
52. Rb2 d4+ 53. Ke2 Kf4 54. Kf2 cxb4 55. axb4 a3 56. Rb3 a2 57. Ra3 Rxb4 58.
Rxa2 Rb3 59. Rd2 Rc3 60. Ke2 Kg3 61. Kd1 h3 62. gxh3 Kxf3 63. Rb2 Rxd3+ 64. Kc2
Ke4 65. Rb5 Rg3 66. Kd2 Rg2+ 67. Ke1 Rg3 68. Kf2 Rf3+ 69. Kg2 Rf5 70. Rb7 Ke3
71. Re7+ Kd2 72. Kg3 d3 73. Kg4 Rd5 74. h4 gxh4 75. Kxh4 Kc1 76. Re1+ Kc2 77.
Kg3 d2 78. Re2 Kd3 1-0

[Event "Vaujany Accession"]
[Site "?"]
[Date "2015.07.09"]
[Round "1.2"]
[White "David, Bogdan-Emanuel"]
[Black "Van-Foreest, Pieter"]
[Result "1-0"]
[WhiteElo "1852"]
[BlackElo "1641"]
[PlyCount "67"]
[EventDate "2015.07.08"]

1. e4 e5 2. Nf3 Nc6 3. Bc4 Bc5 4. c3 Nf6 5. d3 a6 6. h3 d6 7. Bb3 Be6 8. Nbd2
O-O 9. Nf1 d5 10. Qe2 dxe4 11. dxe4 a5 12. Ng3 a4 13. Bxe6 fxe6 14. O-O Qe7 15.
Be3 Bxe3 16. Qxe3 Rad8 17. Qe2 Rd6 18. Qb5 Ra8 19. b4 Qd8 20. Nxe5 a3 21. Nf3
Na7 22. Qc4 Rc6 23. Qb3 Nb5 24. Rfd1 Qe7 25. c4 Nd6 26. e5 Nxc4 27. exf6 Qxf6
28. Rac1 b5 29. Nd4 Rb6 30. Nxb5 Nb2 31. Re1 Rxb5 32. Rxe6 Qf7 33. Rxc7 Qxc7
34. Re8# 1-0

[Event "Vaujany Accession"]
[Site "?"]
[Date "2015.07.09"]
[Round "1.3"]
[White "Gipouloux, L."]
[Black "Rutten, D."]
[Result "1-0"]
[WhiteElo "1644"]
[BlackElo "1843"]
[PlyCount "75"]
[EventDate "2015.07.08"]

1. e4 c5 2. b3 e5 3. Bb2 d6 4. Bb5+ Nc6 5. Nf3 Nf6 6. d3 Be7 7. O-O O-O 8. Bxc6
bxc6 9. Nbd2 a5 10. a4 Ne8 11. Ne1 Bg5 12. g3 Bh6 13. Ng2 Bh3 14. Nc4 Nc7 15.
Qh5 Bxg2 16. Kxg2 Ne6 17. f3 f6 18. Bc1 Bxc1 19. Raxc1 Qe7 20. f4 Nd4 21. Rf2
g6 22. Qd1 d5 23. Nd2 Ne6 24. f5 gxf5 25. Rxf5 Ng7 26. Qg4 Kh8 27. Rf2 Rf7 28.
Rcf1 Raf8 29. Qf3 d4 30. Nc4 Qc7 31. Qe2 Qd8 {Diagramme #} 32. Nxe5 Rc7 33. Ng4
Rcf7 34. Nh6 Rd7 35. Nf5 Ne6 36. Nh6 Ng7 37. Qg4 Rb7 38. Qh4 1-0

[Event "Vaujany Accession"]
[Site "?"]
[Date "2015.07.09"]
[Round "1.4"]
[White "Roche, Yves"]
[Black "Masalles, Pierre"]
[Result "1/2-1/2"]
[WhiteElo "1833"]
[BlackElo "1644"]
[PlyCount "96"]

1. d4 Nf6 2. Nf3 g6 3. h3 d6 4. c3 Bg7 5. Bf4 O-O 6. e3 Bf5 7. Nbd2 Nbd7 8. g4
Be4 9. Nxe4 Nxe4 10. Bd3 e5 11. Bh2 Ng5 12. Nxg5 Qxg5 13. Qf3 Rfe8 14. h4 Qf6
15. Qxf6 Bxf6 16. g5 Bg7 17. Kd2 f5 18. f4 e4 19. Bc4+ Kh8 20. h5 Nb6 21. Be2
d5 22. h6 Bxd4 23. cxd4 Rac8 24. b4 Na4 25. Rhb1 c6 26. Kc2 b5 27. Bg3 Kg8 28.
Be1 Kf7 29. Kc1 Rc7 30. Bd1 Nb6 31. Bb3 Ra8 32. Kd1 a6 33. Rc1 Ke7 34. Rc5 Kd6
35. Ke2 Rac8 36. a4 Ra8 37. Rc2 Kd7 38. Rca2 Rcc8 39. axb5 axb5 40. Ra6 Rxa6
41. Rxa6 Na8 42. Kd2 (42. Bd2) 42... Nc7 43. Ra5 Kd6 44. Bd1 Kd7 45. Bg3 Kd6
46. Ra7 Ra8 47. Rxa8 Nxa8 48. Bh4 (48. Bh5 Nb6 49. Bxg6 hxg6 50. h7 Nc8 51.
h8=Q Ne7 52. Qe8 Ke6 53. Qd8 Kf7) 48... Nb6 1/2-1/2

[Event "Vaujany Accession"]
[Site "?"]
[Date "2015.07.09"]
[Round "1.14"]
[White "Lees, Jean Pierre"]
[Black "Fromherz, Audrey"]
[Result "1-0"]
[WhiteElo "1779"]
[BlackElo "1553"]
[PlyCount "63"]
[EventDate "2015.07.08"]

1. d4 Nf6 2. c4 g6 3. Nc3 Bg7 4. e4 d6 5. Nf3 O-O 6. Be2 Nbd7 7. O-O e5 8. h3 (
8. Re1) (8. Be3 Ng4 9. Bg5 f6 10. Bd2) 8... exd4 9. Nxd4 Nc5 10. f3 (10. Bf3
Re8 11. Re1 Nfd7 12. Nb3 Ne6 13. Be2 a5 14. a4 Nec5 15. Nxc5 Nxc5 16. f3) 10...
Nh5 11. Be3 Ng3 12. Rf2 Qh4 13. Qd2 Nxe2+ 14. Ndxe2 Qe7 15. Rc1 f5 16. Nd5 Qf7
17. exf5 Bxf5 18. Ng3 Be6 19. Bd4 Rae8 20. Bxg7 Qxg7 21. Rd1 Rf7 22. Re2 Rff8
23. Rde1 Qf7 24. b4 Na6 25. Ne4 Rd8 26. Ng5 Qd7 27. Nxe6 Rde8 28. Nxf8 Rxf8 29.
Re7 Qf5 30. Qh6 Rf7 31. Re8+ Rf8 32. Ne7+ 1-0

[Event "Vaujany Accession"]
[Site "?"]
[Date "2015.07.10"]
[Round "2.1"]
[White "Plug, A."]
[Black "Trin, P."]
[Result "1/2-1/2"]
[WhiteElo "1862"]
[BlackElo "1756"]
[PlyCount "80"]
[EventDate "2015.07.08"]

1. e4 c5 2. Nc3 Nc6 3. g3 Nf6 4. Bg2 e6 5. d3 Be7 6. f4 d6 7. Nf3 Qc7 8. O-O
O-O 9. h3 a6 10. b3 b5 11. Ne2 Bb7 12. Bb2 Nd7 13. g4 d5 14. e5 Rfe8 15. Ng3
Rad8 16. g5 Qb6 17. Kh2 c4 18. d4 g6 19. Nh1 Rc8 20. Nf2 cxb3 21. axb3 Nb4 22.
c3 Nc6 23. Ng4 Na5 24. Nf6+ Nxf6 25. exf6 Bd6 26. Ne5 Bxe5 27. fxe5 b4 28. cxb4
Qxb4 29. Ba3 Qxb3 30. Qxb3 Nxb3 31. Rab1 Na5 32. Bc5 Bc6 33. Rfc1 Bb5 34. Bf1
Nc4 35. Bxc4 Bxc4 36. Kg3 Rb8 37. Bd6 Ra8 38. Rb7 a5 39. Rcb1 a4 40. Ba3 Bb3
1/2-1/2

[Event "Vaujany Accession"]
[Site "?"]
[Date "2015.07.10"]
[Round "2.2"]
[White "Ringot, A."]
[Black "David, B."]
[Result "0-1"]
[WhiteElo "1750"]
[BlackElo "1852"]
[PlyCount "80"]
[EventDate "2015.07.08"]

1. e4 d6 2. d4 Nf6 3. Nc3 g6 4. Be2 c6 5. f4 Bg7 6. Be3 b5 7. a3 Bb7 8. e5 Nfd7
9. Nf3 O-O 10. g4 Qb6 11. Qd2 Qc7 12. h4 Rd8 13. O-O-O Na6 14. Qe1 b4 15. Bxa6
bxc3 16. Bxb7 cxb2+ 17. Kxb2 Qxb7+ 18. Ka2 c5 19. Qe2 Rab8 20. Rb1 Qc6 21. h5
cxd4 22. Bxd4 dxe5 23. Bxe5 Nxe5 24. Nxe5 Qe6+ 25. Qc4 Qxc4+ 26. Nxc4 Rbc8 27.
Rb4 Rd4 28. Ne3 a5 29. Rxd4 Bxd4 30. Nd5 Rxc2+ 31. Kb3 Rc5 32. Nxe7+ Kf8 33.
Rd1 Kxe7 34. Rxd4 gxh5 35. g5 Ke6 36. Rd1 Kf5 37. Rf1 h4 38. Rh1 Kg4 39. Rg1+
Kf3 40. Ka4 h3 0-1

[Event "Vaujany Accession"]
[Site "?"]
[Date "2015.07.10"]
[Round "2.3"]
[White "Guillaumat, JP."]
[Black "Marchat, G."]
[Result "1-0"]
[WhiteElo "1828"]
[BlackElo "1745"]
[PlyCount "67"]
[EventDate "2015.07.08"]

1. d4 Nf6 2. c4 g6 3. Nc3 Bg7 4. e4 d6 5. Be2 O-O 6. h3 c6 7. Nf3 Nbd7 8. O-O
e5 9. Be3 b6 10. Qd2 Re8 11. Rfd1 Bb7 12. d5 cxd5 13. cxd5 Nc5 14. Bxc5 bxc5
15. Bb5 Re7 16. Qe2 Nh5 17. g3 a6 18. Ba4 Qb6 19. Kg2 Rf8 20. Nh4 Bc8 21. Rf1
f5 22. exf5 Bxf5 23. Nxf5 Rxf5 24. Ne4 Ref7 25. Be8 Re7 26. Bc6 Qb8 27. Qxa6
Ra7 28. Qb5 Qf8 29. Qb6 Raf7 30. Qa6 Nf6 31. f3 Nxe4 32. fxe4 Rxf1 33. Rxf1 Qe7
34. Qc8+ 1-0

[Event "Vaujany Accession"]
[Site "?"]
[Date "2015.07.10"]
[Round "2.4"]
[White "Kovaks, Miklos"]
[Black "Skomorokhina, Ekaterina"]
[Result "0-1"]
[WhiteElo "1826"]
[BlackElo "1730"]
[PlyCount "92"]
[EventDate "2015.07.08"]

1. e4 e5 2. Nf3 Nc6 3. Bb5 a6 4. Ba4 Nf6 5. O-O Be7 6. c3 b5 7. Bb3 O-O 8. Re1
d6 9. d4 Bb7 10. Bg5 h6 11. Bh4 Re8 12. Nbd2 Bf8 13. a4 Na5 14. axb5 axb5 15.
Bc2 c5 16. Qe2 g5 17. Bg3 exd4 18. cxd4 Qb6 19. h4 g4 20. Nh2 h5 21. Qe3 Nh7
22. e5 Qc6 23. Bxh7+ Kxh7 24. Ne4 Qxe4 25. Qxe4+ Bxe4 26. Rxe4 Nc4 27. Rae1 f5
28. Rf4 Kg6 29. dxc5 dxe5 30. Rxc4 bxc4 31. Bxe5 Bxc5 32. Kf1 Bb4 33. Bc3 Rxe1+
34. Kxe1 Bxc3+ 35. bxc3 Ra1+ 36. Ke2 Rc1 37. Nf1 Rxc3 38. Ne3 f4 39. Nd5 Rc2+
40. Ke1 Kf5 41. g3 fxg3 42. fxg3 Ke4 43. Nf6+ Ke3 44. Kd1 Rf2 45. Nxh5 c3 46.
Nf4 Rxf4 0-1

[Event "Vaujany Accession"]
[Site "?"]
[Date "2015.07.10"]
[Round "2.10"]
[White "Wantier, Didier"]
[Black "Lees, Jean Pierre"]
[Result "0-1"]
[WhiteElo "1372"]
[BlackElo "1779"]
[PlyCount "72"]
[EventDate "2015.07.08"]

1. d4 Nf6 2. Nf3 e6 3. Bf4 c5 4. Qd3 Nc6 5. Nc3 a6 6. e3 b5 7. dxc5 Bxc5 8. Nd2
Nb4 9. Nde4 $4 (9. Qe2 Nxc2+ 10. Kd1 Nxa1) 9... Nxd3+ 10. Bxd3 Nxe4 11. Nxe4
Be7 12. O-O d5 13. Ng3 Bb7 14. Rae1 (14. Rad1 Bd6 15. Nh5 Bxf4 16. exf4 O-O)
14... Bd6 15. Nh5 Bxf4 16. exf4 O-O 17. Re3 g6 18. Ng3 Qf6 19. Ne2 b4 20. Re5
a5 21. g3 Ba6 22. Bxa6 Rxa6 23. Nd4 Rc8 24. b3 a4 25. h4 axb3 26. axb3 Qd8 27.
Kg2 Qb6 28. Nf3 Rxc2 29. Ne1 Rb2 30. h5 Raa2 31. Nd3 Rd2 32. h6 Rxd3 33. Ree1
Rdd2 34. Rc1 Rxf2+ 35. Kh3 Rh2+ 36. Kg4 f5+ 0-1

[Event "Vaujany Accession"]
[Site "Villaz"]
[Date "2015.07.11"]
[Round "3.1"]
[White "David, Bogdan Emanuel"]
[Black "Baudewyn, Ludovic"]
[Result "1-0"]
[WhiteElo "1852"]
[BlackElo "1808"]
[PlyCount "111"]

{1024MB, Fritz8.ctg} 1. e4 e6 2. Qe2 c5 3. Nf3 Nc6 4. g3 Nge7 5. Bg2 g6 6. O-O
Bg7 7. d3 O-O 8. e5 d6 9. Bf4 dxe5 10. Bxe5 Nxe5 11. Nxe5 Qd4 12. Nc4 Rb8 13.
c3 Qd8 14. Nbd2 b5 15. Ne3 Bb7 16. Ne4 Qb6 17. Rfd1 Rfd8 18. a4 a6 19. axb5
axb5 20. Rab1 Nd5 21. Nxd5 exd5 (21... Bxd5) 22. Ng5 Re8 23. Qc2 Qf6 24. f4 Re3
25. d4 Qb6 (25... cxd4 26. Rxd4 Qb6) 26. Nf3 Re7 27. Qf2 cxd4 28. cxd4 Rd8 29.
Ne5 Rc7 30. Qe3 Bxe5 31. fxe5 Rc2 32. Bh3 Re8 33. Rf1 Bc8 34. Bg2 Bb7 35. Rf2
Rxf2 36. Qxf2 Rc8 37. Rf1 Qe6 38. g4 Qe7 39. h4 Rd8 40. g5 Bc8 41. Qf6 Qd7 42.
Rc1 Re8 43. Qf3 Rd8 44. Rc5 Bb7 45. Bh3 Qe8 46. h5 gxh5 47. Qxh5 Bc8 48. Bf1 b4
49. Bd3 Kf8 50. Qh6+ Ke7 51. Rc7+ Rd7 52. Qf6+ Kf8 53. Qh8+ Ke7 54. Qxe8+ Kxe8
55. Rxc8+ Ke7 56. Bb5 1-0

[Event "Vaujany Accession"]
[Site "?"]
[Date "2015.07.11"]
[Round "3.2"]
[White "Saiah, Anouk"]
[Black "Guillaumat, Jean Pierre"]
[Result "0-1"]
[WhiteElo "1782"]
[BlackElo "1828"]
[PlyCount "126"]
[EventDate "2015.07.08"]

1. e4 c5 2. Nf3 e6 3. d4 cxd4 4. Nxd4 Nf6 5. Nc3 a6 6. Be2 Qc7 7. O-O Be7 8.
Be3 O-O 9. f4 d6 10. Kh1 Nbd7 11. Qe1 b5 12. a3 Bb7 13. Bf3 Nc5 14. Bg1 Rac8
15. Rd1 Rfd8 16. f5 e5 17. Nb3 Ba8 18. Nc1 Qb7 19. N1a2 a5 20. Nd5 Nxd5 21.
Rxd5 Qa6 22. Rd2 b4 23. axb4 Nxe4 24. Re2 Nf6 25. Bxa8 Rxa8 26. bxa5 Qxa5 27.
Qxa5 Rxa5 28. Nb4 Rc8 29. c3 Kf8 30. Rd1 g6 31. fxg6 hxg6 32. Bb6 Rb5 33. Bf2
Nh5 34. Red2 f5 35. Nd5 Kf7 36. Nb6 Rc6 37. Nd5 Bg5 38. Rc2 Ke6 39. c4 Rb3 40.
Ra1 Nf4 41. Be3 Rxc4 42. Rxc4 Kxd5 43. Bxf4 Bxf4 44. Rc2 e4 45. g3 Be5 46. Rd1+
Ke6 47. Rdd2 g5 48. Kg2 f4 49. gxf4 gxf4 50. Rf2 Kf5 51. Kf1 f3 52. Ke1 Kf4 53.
Rc6 Bd4 54. Rfc2 Bc5 55. R6xc5 dxc5 56. Rxc5 Rxb2 57. h4 e3 58. Rc1 Rh2 59.
Rc4+ Kg3 60. Kd1 Rh1+ 61. Kc2 e2 62. Rc8 e1=Q 63. Rg8+ Kxh4 0-1

[Event "Vaujany Accession"]
[Site "?"]
[Date "2015.07.11"]
[Round "3.3"]
[White "Lees, JP."]
[Black "Labarthe, A."]
[Result "1-0"]
[WhiteElo "1779"]
[BlackElo "1811"]
[PlyCount "111"]
[EventDate "2015.07.08"]

1. Nf3 Nf6 2. g3 b5 3. Bg2 Bb7 4. O-O d5 5. d4 e6 6. c3 Nbd7 7. a4 Bc6 8. axb5
Bxb5 9. Re1 Bd6 10. Nfd2 Rb8 11. e4 dxe4 12. Nxe4 Nxe4 13. Bxe4 Nf6 14. Bg2 O-O
15. Rxa7 Qd7 16. Nd2 Bc6 17. Bxc6 Qxc6 18. Qf3 Qb6 19. Ra1 Qb5 20. Qe2 Qb7 21.
Nc4 Ra8 22. Nxd6 cxd6 23. Bg5 Nd5 24. c4 Nb4 25. Bd2 Nc2 26. Rxa8 Rxa8 27. Qe4
Qxe4 28. Rxe4 d5 29. cxd5 exd5 30. Rf4 Rb8 31. Bc3 Nb4 32. Rf5 g6 33. Re5 f6
34. Re2 Na2 35. Re1 Nb4 36. Ra1 Nd3 37. Ra5 Nxb2 38. Bxb2 Rxb2 39. Rxd5 Rd2 40.
Rd7 Kf8 41. Kf1 h6 42. Ke1 Ra2 43. h4 h5 44. d5 Rb2 45. d6 f5 46. Rh7 Rb6 47.
Rh8+ Kg7 48. d7 Re6+ 49. Kf1 Kxh8 50. d8=Q+ Kg7 51. Kg2 Kf7 52. Kf3 Re4 53.
Qd5+ Re6 54. Kf4 Kf6 55. Qd4+ Kf7 56. Kg5 1-0

[Event "Vaujany Accession"]
[Site "?"]
[Date "2015.07.11"]
[Round "3.6"]
[White "Poulet, Benoit"]
[Black "Lorenter, Patrick"]
[Result "1-0"]
[WhiteElo "1815"]
[BlackElo "1729"]
[PlyCount "79"]
[EventDate "2015.07.08"]

1. d4 d6 2. c4 Nf6 3. Nc3 g6 4. e4 Bg7 5. f3 Nfd7 6. Be3 e5 7. d5 Bh6 8. Qd2
Bxe3 9. Qxe3 a5 10. Qh6 Qe7 11. g4 Na6 12. h4 Qf8 13. Qd2 h5 14. g5 Ndc5 15.
Be2 Bd7 16. f4 Qe7 17. Nf3 O-O-O 18. fxe5 dxe5 19. O-O-O Bg4 20. Rhf1 Nb4 21.
Kb1 Bxf3 22. Rxf3 Nc6 23. Rdf1 Rhf8 24. Rf6 Nd4 25. d6 Rxd6 26. Nd5 Qe8 27.
Qxa5 b6 28. Qa8+ Kd7 29. Qxe8+ Kxe8 30. Nxc7+ Kd7 31. Rxf7+ Rxf7 32. Rxf7+ Kc6
33. Nd5 Nce6 34. Nb4+ Kc5 35. Nd3+ Kc6 36. Nxe5+ Kc5 37. Bf1 Nc6 38. Nxc6 Rxc6
39. Rf6 Kd4 40. Rxg6 1-0

[Event "Vaujany Accession"]
[Site "?"]
[Date "2015.07.11"]
[Round "3.17"]
[White "Dreyfus, Jacques"]
[Black "Koltai, Daniel"]
[Result "0-1"]
[WhiteElo "1483"]
[BlackElo "1680"]
[PlyCount "82"]
[EventDate "2015.07.08"]

1. e4 c5 2. Nf3 d6 3. d4 cxd4 4. Qxd4 Nc6 5. Bb5 Bd7 6. Bxc6 Bxc6 7. c4 Nf6 8.
Nc3 g6 9. Bd2 Bg7 10. Qd3 Rc8 11. Rc1 O-O 12. O-O a6 13. Nd4 Qb6 14. Nxc6 bxc6
15. Be3 Qb7 16. Rfd1 Rfd8 17. e5 Ng4 18. exd6 Rxd6 19. Qe2 Nxe3 20. Rxd6 exd6
21. fxe3 Re8 22. Rd1 Qe7 23. Rd3 Bh6 24. Kf2 Qh4+ 25. Kg1 Qxc4 26. b3 Qc5 27.
Nd1 Qe5 28. g3 Qc5 29. Rc3 Qb6 30. Kf2 d5 31. Qd3 Bg7 32. Rc2 Bh6 33. Rc3 c5
34. Rc2 d4 35. Re2 Qf6+ 36. Kg2 dxe3 37. Nxe3 Qd4 38. Qxd4 cxd4 39. Kf3 Rxe3+
40. Rxe3 Bxe3 41. Ke4 f5+ 0-1

[Event "Vaujany Accession"]
[Site "?"]
[Date "2015.07.12"]
[Round "4.1"]
[White "Guillaumat, Jean Pierre"]
[Black "David, Bogdan"]
[Result "1/2-1/2"]
[WhiteElo "1828"]
[BlackElo "1852"]
[PlyCount "72"]

1. d4 Nf6 2. c4 g6 3. Nc3 Bg7 4. e4 d6 5. Nf3 O-O 6. h3 e5 7. dxe5 dxe5 8. Qxd8
Rxd8 9. Bg5 Na6 10. Nd5 Rd6 11. Bxf6 Bxf6 12. Nxf6+ Rxf6 13. O-O-O Be6 14. b3
Nc5 15. Bd3 Rd8 16. Kc2 a5 17. Rd2 Nxd3 18. Rxd3 Rxd3 19. Kxd3 Bc8 20. Ke3 Re6
21. Rd1 Rd6 22. Rd5 Rxd5 23. cxd5 f6 24. Nd2 Bd7 25. Nc4 a4 26. b4 Kf8 27. a3
Ke7 28. f4 Bb5 29. Nd2 c6 30. fxe5 fxe5 31. dxc6 bxc6 32. h4 Kf6 33. Nf3 h6 34.
g3 Ke6 35. Kf2 Kf6 36. Ke3 Ke6 1/2-1/2

[Event "Vaujany Accession"]
[Site "Villaz"]
[Date "2015.07.12"]
[Round "4.2"]
[White "Poulet, Benoit"]
[Black "Lees, Jean Pierre"]
[Result "1/2-1/2"]
[WhiteElo "1779"]
[BlackElo "1815"]
[PlyCount "64"]
[EventDate "2015.07.08"]

1. d4 Nf6 2. c4 e6 3. Nc3 Bb4 4. e3 O-O (4... c5 5. Bd3 d5 6. Nf3 O-O 7. O-O
Nc6 (7... dxc4 8. Bxc4) 8. a3 Bxc3 9. bxc3 dxc4 10. Bxc4 Qc7 {est la variante
principale}) (4... b6) 5. Bd3 (5. Nge2 d5 6. a3 {(Reshevsky)} Be7 7. cxd5 exd5)
5... d5 6. Nge2 c5 7. Qc2 (7. O-O {est le coup principal} dxc4 (7... Nc6 8.
cxd5 exd5 9. a3 cxd4 10. axb4 dxc3 11. b5 Ne5 12. Nxc3) 8. Bxc4 Nc6 9. a3 Bxc3
10. bxc3 Qc7 11. Ba2 b6 12. Ng3 Rd8 13. Bb2 Ba6 14. Re1 Na5 15. e4 Ne8) 7...
cxd4 (7... Nc6 8. a3 Bxc3+ 9. bxc3) 8. exd4 dxc4 9. Bxc4 Nbd7 (9... b6 10. O-O
Bb7 11. Bg5 Nbd7 12. Qb3 Be7 13. Rad1 h6 14. Bf4 a6 15. a4 Ra7) (9... Nc6 10.
Be3 b6 11. O-O Bb7 12. a3 Be7 13. Rad1) 10. Bf4 Nb6 11. Bd3 Nbd5 12. Be5 h6 13.
O-O Ba5 14. a3 a6 15. Rac1 Bd7 16. Bd6 Re8 17. b4 Bb6 18. Ne4 Nxe4 19. Bxe4 Ba4
20. Qxa4 Qxd6 21. Qb3 Rad8 22. Rfd1 Rd7 23. b5 a5 24. h3 Red8 25. g3 Qe7 26.
Rc4 Nf6 27. Bg2 Kf8 28. a4 e5 29. Qc3 Nd5 30. Qc2 Nf6 31. Qc3 Nd5 32. Qc2 Nf6
1/2-1/2

[Event "Vaujany Accession"]
[Site "?"]
[Date "2015.07.12"]
[Round "4.3"]
[White "Saya, Ethan"]
[Black "Skomorokhina, Ekaterina"]
[Result "1/2-1/2"]
[WhiteElo "1627"]
[BlackElo "1730"]
[PlyCount "76"]

1. e4 c5 2. Nc3 g6 3. g3 Bg7 4. Bg2 Nc6 5. d3 e6 6. Be3 d6 7. Nge2 Nge7 8. d4
cxd4 9. Nxd4 a6 10. Qd2 O-O 11. O-O-O d5 12. exd5 exd5 13. Nde2 Ne5 14. Nxd5
Nxd5 15. Qxd5 Qxd5 16. Bxd5 Bg4 17. Rde1 Rad8 18. Bg2 Nc4 19. c3 Nxe3 20. fxe3
Bh6 21. Nf4 b5 22. h3 Be6 23. Nxe6 fxe6 24. Re2 Rf2 25. Rxf2 Bxe3+ 26. Kc2 Bxf2
27. g4 Bc5 28. Rd1 Rxd1 29. Kxd1 b4 30. c4 Kf7 31. Ke2 Kf6 32. b3 Ke5 33. Bb7
a5 34. Bc6 g5 35. Kf3 Bd4 36. Bd7 Bc5 37. Bc8 Bd4 38. Bd7 Bc5 1/2-1/2

[Event "Vaujany Accession"]
[Site "?"]
[Date "2015.07.12"]
[Round "4.4"]
[White "Billotti, Romain"]
[Black "Djidjeli, Sofiane"]
[Result "0-1"]
[WhiteElo "1826"]
[BlackElo "1724"]
[PlyCount "75"]

1. d4 c6 2. c4 d5 3. e3 Nf6 4. Nc3 a6 5. Bd2 g6 6. Nf3 b5 7. c5 Bg4 8. h3 Bxf3
9. Qxf3 Bg7 10. Bd3 a5 11. O-O O-O 12. Ne2 e5 13. dxe5 Nfd7 14. Bc3 Nxc5 15. e4
d4 16. Bxd4 Nxd3 17. Qxd3 c5 18. Qxb5 cxd4 19. Rfd1 Qd7 20. Nxd4 Qxb5 21. Nxb5
Bxe5 22. Rd2 Nc6 23. Rad1 Rad8 24. Rxd8 Rxd8 25. Rxd8+ Nxd8 26. b3 Nc6 27. Kf1
Kf8 28. Ke2 Nd4+ 29. Nxd4 Bxd4 30. f3 Ke7 31. Kd3 Bf2 32. Ke2 Bc5 33. f4 Kd6
34. Kd3 Bb4 35. Kc4 Bd2 36. Kb5 Ke6 37. g4 f5 38. exf5+ (38. gxf5+ gxf5 39.
exf5+ Kxf5 40. Kc4 Bb4) 0-1

[Event "Vaujany Accession"]
[Site "?"]
[Date "2015.07.12"]
[Round "4.5"]
[White "Plug, Arjan"]
[Black "Marchat, Gerard"]
[Result "1-0"]
[WhiteElo "1862"]
[BlackElo "1745"]
[PlyCount "63"]

1. e4 d6 2. Nc3 Nf6 3. g3 g6 4. Bg2 Bg7 5. d3 c6 6. Nge2 Bg4 7. h3 Bd7 8. Be3
b5 9. a3 Qa5 10. O-O e5 11. Qd2 h5 12. Rad1 c5 13. Bg5 Qd8 14. f4 Qc8 15. fxe5
Nh7 16. exd6 Bxh3 17. Nd5 Qg4 18. Bxh3 Qxh3 19. Qf4 Nxg5 20. Qxg5 O-O 21. Ne7+
Kh7 22. Nxg6 fxg6 23. Rxf8 Bxf8 24. Rf1 Nd7 25. Rf7+ Bg7 26. Nf4 Ne5 27. Nxh3
Nxf7 28. Qe7 Kg8 29. Ng5 Bd4+ 30. Kg2 Nxg5 31. Qxg5 Kh7 32. d7 1-0

[Event "Vaujany Accession"]
[Site "Villaz"]
[Date "2015.07.13"]
[Round "5.1"]
[White "David, Bogdan Emanuel"]
[Black "Lees, Jean-Pierre"]
[Result "1-0"]
[WhiteElo "1852"]
[BlackElo "1779"]
[Annotator "Jean-pierre,LEES"]
[PlyCount "99"]
[EventDate "2015.07.08"]

{1024MB, Fritz8.ctg} 1. e4 e6 2. Qe2 c5 3. Nf3 Nc6 4. g3 Be7 (4... g6 5. Bg2
Bg7 6. O-O Nge7 7. d3 d5) 5. Bg2 d6 (5... Nf6 6. O-O (6. e5 Nd5) 6... O-O 7. d3
b6 8. Nc3 d5 9. e5 Nd7 10. Bf4 Ba6 11. a4 Re8 12. Rfe1 Rc8 13. Nb5 Bb7) 6. O-O
h5 7. h4 g5 8. hxg5 Bxg5 9. Na3 (9. Nxg5 Qxg5 10. Na3 Nd4 11. Qc4 h4) 9... Be7
10. d3 e5 11. Nh2 Nd4 (11... h4) 12. Qd2 h4 13. c3 hxg3 (13... Nc6 14. Nc4 Be6)
14. fxg3 Nc6 15. Qf2 Be6 16. Nf3 Nf6 (16... Nh6) 17. Ng5 Qd7 18. Nxe6 Qxe6 19.
Qf5 Kd7 20. Bg5 Ng4 $6 (20... Nh5 $142 21. Bxe7 Nxe7 22. Qxe6+ fxe6 23. Rf3 Rh6
24. Kf2 Nf6) 21. Qxf7 Raf8 $2 (21... Rag8 22. Bxe7 Nxe7 23. Qxe6+ Kxe6 24. Rf3
Nh2 $11) 22. Qxe6+ Kxe6 23. Bxe7 Kxe7 24. Rxf8 Rxf8 25. Rf1 Rxf1+ (25... Rh8)
26. Kxf1 Ne3+ 27. Kg1 (27. Kf2 Nd1+ 28. Ke2 Nxb2 29. Bh3) 27... Nd1 28. Kf1
Nxb2 29. Ke2 Na4 30. Kd2 Nb6 31. Nc2 Nd8 32. Ne3 Nf7 33. Bh3 Kf6 34. Kc2 Ng5
35. Bg2 Nf7 36. Kb3 a5 $2 {affaiblissement fatal} (36... Ng5 37. a4 Ke6 38. a5
Nd7 39. Nd5) 37. a4 Nh6 38. Nc4 Nxc4 39. Kxc4 Ke7 40. Bh3 (40. Kb5 Kd8 41. Kxa5
Kc7) 40... Kd8 41. Kb5 Kc7 42. Kxa5 Ng8 43. Kb5 Nf6 44. Bf5 Nh5 45. g4 Ng7 46.
a5 Ne8 47. g5 Ng7 48. Bg4 Ne8 49. Bh5 Ng7 50. Bf7 1-0

[Event "Vaujany Accession"]
[Site "?"]
[Date "2015.07.13"]
[Round "5.2"]
[White "Djidjeli, Sofiane"]
[Black "Guillaumat, Jean Pierre"]
[Result "1/2-1/2"]
[WhiteElo "1724"]
[BlackElo "1828"]
[PlyCount "59"]

1. e4 c5 2. Nf3 e6 3. d4 cxd4 4. Nxd4 a6 5. Nc3 Qc7 6. Be2 Nf6 7. O-O Nc6 8.
Be3 Bb4 9. Qd3 Ne5 10. Qd2 Nxe4 11. Nd5 exd5 12. Qxb4 Nc6 13. Nxc6 dxc6 14. Bf3
Qe7 15. Qxe7+ Kxe7 16. Bxe4 dxe4 17. Bd4 f6 18. Rfe1 Kf7 19. Rxe4 Bf5 20. Re2
Rhe8 21. Be3 Rad8 22. h3 Rd5 23. g4 Be4 24. c4 Rd7 25. Rae1 Bf3 26. Rd2 Rxd2
27. Bxd2 Rxe1+ 28. Bxe1 h5 29. gxh5 Bxh5 30. Kg2 1/2-1/2

[Event "Vaujany Accession"]
[Site "?"]
[Date "2015.07.13"]
[Round "5.3"]
[White "David, Dorian"]
[Black "Plug, Arjan"]
[Result "1/2-1/2"]
[WhiteElo "1730"]
[BlackElo "1862"]
[PlyCount "107"]

1. b4 e5 2. a3 d5 3. Bb2 Bd6 4. e3 Nf6 5. Nf3 Qe7 6. c4 c6 7. Qc2 O-O 8. Nc3
Nbd7 9. cxd5 Nxd5 10. Ne4 f5 11. Nxd6 Qxd6 12. Bc4 e4 13. Nd4 Ne5 14. f4 Nxc4
15. Qxc4 Bd7 16. Nb3 b6 17. Be5 Qg6 18. O-O-O Be6 19. Nd4 Nxf4 20. Nxe6 Qxe6
21. Qxe6+ Nxe6 22. Kb2 Rfd8 23. Rhf1 Rd5 24. Bc3 h5 25. Kc2 Rc8 26. d3 exd3+
27. Rxd3 Rcd8 28. Rxd5 Rxd5 29. Rf3 h4 30. h3 c5 31. Be1 g5 32. g3 hxg3 33.
Bxg3 Kg7 34. Kc3 a6 35. Kc4 Rd7 36. bxc5 Nxc5 37. Rxf5 Kg6 38. Rd5 Rb7 39. h4
Ne4 40. Kd4 gxh4 41. Bxh4 Nc5 42. Rd6+ Kf7 43. Kd5 Rb8 44. e4 Na4 45. Rc6 Rh8
46. Rc7+ Kg6 47. Be7 Rh3 48. Kd4 a5 49. Rb7 Rh5 50. e5 Kf5 51. Bd8 Rh6 52. Rf7+
Ke6 53. Rf6+ Rxf6 54. exf6 1/2-1/2

[Event "Vaujany Accession"]
[Site "?"]
[Date "2015.07.13"]
[Round "5.4"]
[White "Skomorokhina, Ekaterina"]
[Black "Poulet, Benoit"]
[Result "1-0"]
[WhiteElo "1730"]
[BlackElo "1815"]
[PlyCount "75"]

1. d4 Nf6 2. Bf4 c5 3. c3 Qb6 4. Qc2 cxd4 5. cxd4 Nc6 (5... Qxd4 6. Qxc8#) 6.
e3 g6 7. Nc3 Bg7 8. Nf3 d6 9. Be2 Bf5 10. Qd2 O-O 11. O-O Rfd8 12. Rfd1 Ne4 13.
Nxe4 Bxe4 14. Ng5 Bf5 15. Bc4 d5 16. Bd3 Bxd3 17. Qxd3 Qxb2 18. Rdb1 Nb4 19.
Qb5 Qc2 20. Qxb4 Rd7 21. Rc1 Qf5 22. Nf3 f6 23. Rc7 h5 24. Nh4 Qe6 25. Rxd7
Qxd7 26. Nxg6 Kf7 27. Nh4 Rg8 28. Bg3 Bf8 29. Qb1 e6 30. Qh7+ Rg7 31. Qxh5+ Kg8
32. Rc1 Ba3 33. Rc7 Qb5 34. Rxg7+ Kxg7 35. Qg6+ Kh8 36. Qxf6+ Kg8 37. Qxe6+ Kh7
38. Qg6+ 1-0

[Event "Vaujany Accession"]
[Site "?"]
[Date "2015.07.13"]
[Round "5.23"]
[White "Dreyfus, J."]
[Black "Steinhart, R."]
[Result "1-0"]
[WhiteElo "1483"]
[BlackElo "1524"]
[PlyCount "41"]
[EventDate "2015.07.08"]

1. e4 e5 2. Nf3 Qf6 3. Nc3 c6 4. Bc4 Bc5 5. d3 d6 6. Be3 Bb4 7. a3 Ba5 8. Qd2
h6 9. d4 Qg6 10. Rg1 Bxc3 11. Qxc3 Qxe4 12. dxe5 d5 13. Bd3 Qg4 14. h3 Qe6 15.
O-O-O Ne7 16. Bc5 O-O 17. g4 Re8 18. g5 Qxh3 19. Rh1 Qxf3 20. Bh7+ Kxh7 21.
Qxf3 1-0